| 000 | 00344nam a22001337a 4500 | ||
|---|---|---|---|
| 082 |
_a796 _bLOD _cL-30-II, P-80 |
||
| 100 |
_aHashmatullah Lodhi _945887 |
||
| 245 | _a کھیل Khail | ||
| 260 |
_aKarachi _bQadar printers _c1980 |
||
| 300 |
_a240 p. _bill. |
||
| 526 |
_a0 _b0 _c0 _d796_000000000000000_LOD |
||
| 650 |
_aMCE _9379 |
||
| 942 |
_2ddc _cBK |
||
| 999 |
_c549301 _d549301 |
||